Statistics for No Quiz, Just Sequel

Click here to take the quiz!

General Stats

  • This quiz has been taken 4 times
  • The average score is 10 of 15

Answer Stats

QuestionAnswer% Correct
Now back to normal. How many days are in 4 years?1461
100%
How many syllables: After 17 failed attempts, Ikann was finally able to get her robot to work.23
100%
What is 8*3?24
100%
Time for a little break. Questions 7 - 10 will be easier than normal. What is the antonym of evil?Good
100%
Choose the symmetrical picture.
75%
Choose the asymmetrical picture.
75%
2 people are running with 7 books in their hands. Once they make it to the other side of the course, they put it into a bin. If the total books AFTER the books they had in their hands have been put into their bins is 78, what could be the possible amounts of books in their bins BEFORE they put the extras in?28, 38
75%
Count how many characters are in the word: Pneumonoultramicroscopicsilicovolcanoconiosis45
75%
I collected 29 rocks in February. I collected some more rocks in March, April, and May. In June, I had a total of 203 rocks. If I collected the same amount of rocks each month, then how many more rocks did I collect each month?58
75%
What is 16 miles in feet?84480
75%
I work 8 hours a day, 4 days a week. I earn $13.32 every hour. How much do I earn every week?426.24
50%
9^3=?729
50%
Last Question! 0/0=?undefined
50%
The sides of a triangular piece of paper are 3 inches, 4 inches, and 5 inches long. Is this piece of paper a right triangle?Yes
25%
Which word is the longest?Occurring
0%

Score Distribution

Percentile by Number Answered

Percent of People with Each Score

Your Score History

You have not taken this quiz